MrSpherical Characters - Statistics

General Stats
  • This quiz has been taken 73 times
    30 since last reset
  • The average score is 62 of 229
Answer Stats
Picture Answer % Correct
Colonial America
71%
United States
71%
Adolf Hitler
65%
AI Singularity
59%
German Empire
59%
German Reich
59%
Reichtangle
59%
Weimar Republic
59%
Australia
53%
Great Britain
53%
PWA United Kingdom
53%
PWA United States
53%
United Kingdom of Great Britain and Ireland
53%
United Kingdom of Great Britain and Northern Ireland
53%
Albania
47%
Argentina
47%
Germany
47%
National Aeronautics and Space Administration
47%
Pakistan
47%
United Nations
47%
Ancient Egypt
41%
Austria
41%
Austria-Hungary
41%
Austrian Empire
41%
Brazil
41%
Canada
41%
China
41%
Earth
41%
Egypt
41%
Empire of Japan
41%
Fifth French Republic
41%
First French Republic
41%
Indonesia
41%
Japan
41%
Kingdom of France
41%
MrEarth
41%
MrSpherical
41%
PWA Canada
41%
PWA MrSpherical
41%
Republic of China
41%
Russia
41%
Russian Empire
41%
Russian Soviet Federative Socialist Republic
41%
Third French Republic
41%
Ukraine
41%
Ukrainian Soviet Socialist Republic
41%
Ancient Greece
35%
Apollo Program
35%
Belarus
35%
Belarusian Democratic Republic
35%
Byelorussian Soviet Socialist Republic
35%
Chris P. Bacon
35%
Cuba
35%
European Union
35%
Greece
35%
Greek Communist Party
35%
India
35%
Israel
35%
Israel Defense Forces
35%
Italy
35%
Kingdom of Greece
35%
Kingdom of Italy
35%
Kingdom of Spain
35%
Mexico
35%
Mongolia
35%
Moon
35%
Napoleon Bonaparte
35%
Neil Armstrong
35%
Netherlands
35%
North Korea
35%
Second Mexican Republic
35%
Spain
35%
Spanish Empire
35%
Sun
35%
Taiwan
35%
Algeria
29%
Bangladesh
29%
Belgium
29%
Bulgaria
29%
Colombia
29%
Czechoslovakia
29%
Denmark
29%
Dominican Republic
29%
Donald Trump
29%
Finland
29%
Georgia
29%
Georgian Soviet Socialist Republic
29%
Greenland
29%
Hong Kong
29%
Iraq
29%
Iraqi Republic
29%
Ireland
29%
Joseph Stalin
29%
Kazakhstan
29%
Kingdom of Scotland
29%
Kingdom of Serbia
29%
Korea
29%
Kuomintang
29%
Laika
29%
Laos
29%
Myanmar
29%
Nepal
29%
North Atlantic Treaty Organization
29%
Norway
29%
Palestine
29%
People's Republic of Bulgaria
29%
Pig
29%
Poland
29%
Prussia
29%
Romania
29%
Scotland
29%
South Korea
29%
Soviet Union
29%
Turkey
29%
Turkmenistan
29%
Uzbekistan
29%
Vietnam
29%
Armenia
24%
Armenian Soviet Socialist Republic
24%
British Raj
24%
Cambodia
24%
ChatGPT
24%
Chile
24%
Doctor Square
24%
Estonia
24%
Estonian Soviet Socialist Republic
24%
Facebook
24%
Ghana
24%
Haiti
24%
Hungary
24%
Iceland
24%
International Monetary Fund
24%
Islamic Emirate of Afghanistan
24%
Islamic Republic of Afghanistan
24%
Kazakh Soviet Socialist Republic
24%
Kenya
24%
Liberia
24%
Ottoman Empire
24%
Palau
24%
Peru
24%
Philippines
24%
Portugal
24%
Qatar
24%
Singapore
24%
South Vietnam
24%
Sudan
24%
Switzerland
24%
Tajikistan
24%
United Arab Emirates
24%
World Bank
24%
Azad Kashmir
18%
Canadian Space Agency
18%
Democratic Party
18%
Drew Durnil
18%
East Germany
18%
England
18%
Florida
18%
George Herbert
18%
Guyana
18%
Hamas
18%
Henry I
18%
Honduras
18%
Hugo Chávez
18%
John F. Kennedy
18%
Jordan
18%
Latvia
18%
Latvian Soviet Socialist Republic
18%
Lebanon
18%
Lithuania
18%
Lithuanian Soviet Socialist Republic
18%
Luxembourg
18%
Malaysia
18%
Moldavian Soviet Socialist Republic
18%
Moldova
18%
Nancy Pelosi
18%
Panama
18%
Puerto Rico
18%
PWA
18%
Quebec
18%
Saudi Arabia
18%
South Africa
18%
Sri Lanka
18%
Sweden
18%
Syria
18%
Thailand
18%
United Nations Special Committee on Palestine
18%
Yugoslavia
18%
Buzz Aldrin
12%
Ecuador
12%
El Salvador
12%
European Space Agency
12%
Fidel Castro
12%
Guatemala
12%
Howard Carter
12%
International Olympic Committee
12%
Mali
12%
Mister Spiral
12%
Republican Party
12%
Roscosmos
12%
Seychelles
12%
Sierra Leone
12%
Slovakia
12%
Tanzania
12%
Tesla
12%
Tunisia
12%
Venezuela
12%
Vladimir Lenin
12%
Winston Churchill
12%
Charles Griffin
6%
Communist Party of China
6%
CorpoBall
6%
Dennis Hope
6%
Goa
6%
Ivan Maskennikov
6%
Jewish Agency for Israel
6%
New Country
6%
Pedro Castillo
6%
Solomon Islands
6%
Ted Sorensen
6%
Unification or Death
6%
Lyman Cutler
0%
Michael Collins
0%
Richard Heyser
0%
Rudolf Anderson Jr.
0%
SpaceX
0%
Stephen 216B
0%
Valentin Savitsky
0%
Vasili Arkhipov
0%
Viet Cong
0%
No matching quizzes found
Score Distribution
Percent of People with Each Score
Percentile by Number Answered
Your Score History
You have not taken this quiz since the last reset